Obecná didaktika pro studium a praxi
Saved in:
| Main Author: | |
|---|---|
| Format: | Book |
| Language: | Czech |
| Published: |
Praha
GRADA Publishing
2014
|
| Series: | Pedagogika
|
| Subjects: | |
| Tags: |
No Tags, Be the first to tag this record!
|
MARC
| LEADER | 00000nam a2200000 4500 | ||
|---|---|---|---|
| 001 | 0194209 | ||
| 005 | 20240313090205.6 | ||
| 020 | |a 978-80-247-4590-9 | ||
| 041 | 0 | |a cze | |
| 044 | |a CZ | ||
| 245 | 1 | 0 | |a Obecná didaktika |b pro studium a praxi |c Lucie Zormanová |
| 264 | 1 | |a Praha |b GRADA Publishing |c 2014 | |
| 300 | |a 239 s. | ||
| 490 | 1 | |a Pedagogika | |
| 830 | 0 | |a Pedagogika | |
| 610 | 2 | 0 | |a didaktika |
| 610 | 2 | 0 | |a vyučovanie |
| 610 | 2 | 0 | |a vzdelávanie |
| 610 | 2 | 0 | |a metódy |
| 610 | 2 | 0 | |a plánovanie |
| 610 | 2 | 0 | |a projektovanie |
| 610 | 2 | 0 | |a formy organizačné |
| 610 | 2 | 0 | |a vedomosti |
| 610 | 2 | 0 | |a študenti |
| 610 | 2 | 0 | |a testy |
| 610 | 2 | 0 | |a sebahodnotenie |
| 610 | 2 | 0 | |a pedagogika |
| 100 | 1 | |a Zormanová, Lucie | |